Tory M.P /

Saved in:
Bibliographic Details
Main Author: Haxey, Simon
Format: Book
Language:English
Published: London : Gollancz, 1939.
Subjects:
LEADER 01021nam a2200253 a 4500
001 c000372280
003 CARM
005 20000522121539.0
008 870210s1939 enk 000 0 eng d
019 1 |a 2530243  |z 5227012  |z 22477391  |z 22007171  |z 24359620  |z 55552137  |z 53535072  |z 56474483  |z 59253966  |5 LACONCORD2021 
035 |a (OCoLC)372831  |5 LACONCORD2021 
040 |a VLU  |b eng  |c VLU  |d VLU 
100 1 |a Haxey, Simon. 
245 1 0 |a Tory M.P /  |c Simon Haxey. 
260 |a London :  |b Gollancz,  |c 1939. 
300 |a 263 p. ;  |c 22 cm. 
500 |a "Left Book Club edition.". 
500 |a Bibliography: p.[254]-256. 
610 2 0 |a Conservative Party (Great Britain) 
651 0 |a Great Britain  |x Politics and government  |y 1910-1936. 
651 0 |a Great Britain  |x Politics and government  |y 1936-1945. 
852 8 |b CARM  |h A1:AL04A0  |i B09883  |p 0444894  |f BK 
999 f f |i 26e6dcd0-1623-5841-b924-d4c3b953122f  |s fca6aa46-dafe-56e2-a536-1e50885f01ab 
952 f f |p Can circulate  |a CAVAL  |b CAVAL  |c CAVAL  |d CARM 1 Store  |e B09883  |f A1:AL04A0  |h Other scheme  |i book  |m 0444894